Yakshagana bhagavata Dasarabailu Chaniya Naikara nenapinalli: yakshakogile. (Record no. 107313)

MARC details
000 -LEADER
fixed length control field 00762nam a2200205Ia 4500
003 - CONTROL NUMBER IDENTIFIER
control field OSt
005 - DATE AND TIME OF LATEST TRANSACTION
control field 20260627113631.0
008 - FIXED-LENGTH DATA ELEMENTS--GENERAL INFORMATION
fixed length control field 210210b2004 xxu||||| |||| 00| 0 eng d
040 ## - CATALOGING SOURCE
Transcribing agency AL
041 ## - LANGUAGE CODE
Language code of text/sound track or separate title Kannada
082 ## - DEWEY DECIMAL CLASSIFICATION NUMBER
Classification number 398.2K KARY
100 ## - MAIN ENTRY--PERSONAL NAME
Personal name KARANTA PERAJE (Na).
Dates associated with a name ಕಾರಂತ ಪೆರಾಜೆ (ನಾ)
9 (RLIN) 266037
245 ## - TITLE STATEMENT
Title Yakshagana bhagavata Dasarabailu Chaniya Naikara nenapinalli: yakshakogile.
Remainder of title ಯಕ್ಷಗಾನ ಭಾಗವತ ದಾಸರಬೈಲು ಚನಿಯ ನಾಯ್ಕರ ನೆನಪಿನಲ್ಲಿ: ಯಕ್ಷಕೋಗಿಲೆ
260 ## - PUBLICATION, DISTRIBUTION, ETC.
Place of publication, distribution, etc. Putturu
Name of publisher, distributor, etc. Yakshasaurabha
Date of publication, distribution, etc. 2004
300 ## - PHYSICAL DESCRIPTION
Extent 100
650 ## - SUBJECT ADDED ENTRY--TOPICAL TERM
Topical term or geographic name entry element Dasarabailu Chaniya Naika
9 (RLIN) 266038
690 ## - LOCAL SUBJECT ADDED ENTRY--TOPICAL TERM (OCLC, RLIN)
Topical term or geographic name as entry element Folklore
9 (RLIN) 266039
906 ## - LOCAL DATA ELEMENT F, LDF (RLIN)
a 060367
942 ## - ADDED ENTRY ELEMENTS (KOHA)
Source of classification or shelving scheme Dewey Decimal Classification
Koha item type Book
Holdings
Withdrawn status Lost status Source of classification or shelving scheme Damaged status Not for loan Collection code Home library Current library Date acquired Source of acquisition Cost, normal purchase price Total Checkouts Full call number Barcode Date last seen Price effective from Koha item type
    Dewey Decimal Classification     Kannada St Aloysius Library St Aloysius Library 02/17/2021 Sharada Book House, Putturu 50.00   398.2K KARY 060367 02/17/2021 02/17/2021 Book